000 00939nas a2200301 4500
001 BR2015002846
003 BR-BrBNA
005 20231205125330.0
007 ta
008 230509b bl.|||p| |||| 00| 00por d
040 _aBR-BrBNA
_bpor
_cBiblioteca Nacional de Agricultura
041 _a(En)
072 _aS40
100 1 _aAvegliano, R.P.
100 1 _aMaihara, V.A.
100 1 _aSilva, F.F. da
245 1 _aDevelopment of the food list for a brazilian total diet study
650 _aNUTRICAO HUMANA
650 _aALIMENTACAO
650 _aDIETA
650 _aPROGRAMA DE NUTRICAO
650 _aEFICIENCIA NUTRICIONAL
650 _aPESQUISA
773 0 _tCiência e Tecnologia de Alimentos (Brazil)
_xISSN 1678-457X
_g(Jan-Mar 2015), v. 35(1) p. 207-212
_wBR2015002846
856 4 0 _uhttp://www.scielo.br/pdf/cta/v35n1/0101-2061-cta-35-1-207.pdf
909 _a202311
_bLúcia
_c55
_dLúcia Elande
942 _2AGRIS
_n0
_cANA
999 _c243835
_d243835